LEADER 00995naa a2200229 u 4500 001 000000103370 003 CaOOAMICUS 005 20070226130215.0 008 061115s1971 gw u000 u ger u 020 $a3110037513 035 $a11106895 040 $aIAR$bita 100 1 $aElbern, Victor Heinrich,$d1918-$0(OLS)http://pul/name/1629 245 10$aZierseiten in Handschriften des frühen Mittelalters als Zeichen sakraler Abgrenzung /$cVictor H. Elbern. 260 $aBerlin :$bW. de Gruyter,$c1971. 300 $ap. 340-356 ;$c25 cm 500 $aIAR: CCI.218 773 0 $aDer Begriff der Repraerentatio im Mittelalter. 773 0 $tDer Begriff der Repraesentatio in Mittelalter : Stellvertretung, Symbol, Zeichen, Bild$g8$w()1835 996 $6020$a3110037513$9(OLS)http://pul/number/2405 996 $6245$aZierseiten in Handschriften des frühen Mittelalters als Zeichen sakraler Abgrenzung$9(OLS)http://pul/title/130275 996 $6260$aBerlin :$bW. de Gruyter$9(OLS)http://pul/publisher/48032 LEADER 00944naa a2200217 u 4500 001 000000094014 003 CaOOAMICUS 005 20070226130136.0 008 010724s1987 fr u000 u fre u 035 $a10898363 040 $aPUL(R)$bita 100 1 $aKunz, Otto,$d1921-$0(OLS)http://pul/name/60462 245 13$aLa propriété industrielle dans le droit international privé des pays socialistes /$cpar Otto Kunz. 260 $a[S. l. :$bs. n.],$c1987. 300 $aP. [1-91] 504 $aBibliografia in nota. 650 4$aDiritto internazionale privato$zRussia.$0(OLS)http://pul/subject/30086 773 0 $tRecueil des cours$gv.V (1986) 773 0 $tRecueil des cours 1986 : collected courses of The Hague Academy of International Law$w()60475 996 $6245$aLa propriété industrielle dans le droit international privé des pays socialistes$9(OLS)http://pul/title/120871 996 $6260$a[S. l. :$bs. n.]$9(OLS)http://pul/publisher/47882